Ejercicios de tratamiento de la señal
Guardat en:
| Autors principals: | , , , |
|---|---|
| Altres autors: | , |
| Format: | Llibre |
| Idioma: | espanyol |
| Publicat: |
Madrid
Pearson Educación
1998
|
| Edició: | 1a. ed |
| Matèries: | |
| Etiquetes: |
Afegir etiqueta
Sense etiquetes, Sigues el primer a etiquetar aquest registre!
|
MARC
| LEADER | 00000nam a2200000 a 4500 | ||
|---|---|---|---|
| 001 | UCK5772 | ||
| 003 | CL-VaPUC | ||
| 008 | 050826e19980000SP |||||||||||||||||spa|d | ||
| 020 | |a 8489660689 | ||
| 082 | 0 | 4 | |a 621.3822 |b BUR |2 21 |
| 100 | 0 | |a Burrus, C. Sidney |e author |9 494696 | |
| 700 | |a McClellan, James H. |e autor |9 494697 | ||
| 700 | |a Oppenheim, Alan V. |e autor |9 878028 | ||
| 700 | 0 | |a Parks, Thomas W |e author |9 494699 | |
| 700 | 0 | |a Schafer, Ronald W |e author |9 494700 | |
| 700 | 0 | |a Schuessler, Hans W |e author |9 494701 | |
| 245 | 1 | 0 | |a Ejercicios de tratamiento de la señal |
| 250 | |a 1a. ed | ||
| 300 | |a 421 p | ||
| 942 | |c BK | ||
| 945 | |d 20050826 00:00:00 |a cmena | ||
| 260 | |a Madrid |b Pearson Educación |c 1998 | ||
| 650 | 0 | |a Señales |9 268475 | |
| 650 | 0 | |a Análisis espectral |9 315304 | |
| 650 | 0 | |a Transformada de Fourier |9 425331 | |
| 650 | 7 | |a MATLAB |2 CL-VaPUC |9 330763 | |
| 583 | |a last modification |c 20050826 00:00:00 |k Rodrigo Vera | ||
| 999 | |c 314235 |d 314233 | ||
| 952 | |0 0 |1 0 |2 ddc |4 0 |6 621_382200000000000_BUR_1998 |7 0 |8 A |9 386277 |a BIBING |b BIBING |c RES |d 2019-11-22 |i 4158504 |o 621.3822 BUR 1998 |p 4158504 |r 2025-01-20 |w 2019-11-22 |y BK |k EIE | ||